|
|
|
|
| LEADER |
00000cam a2200000 7i4500 |
| 001 |
0000004939 |
| 002 |
000005325 |
| 005 |
20000330.0 |
| 020 |
|
|
|a 1557381607
|
| 090 |
0 |
0 |
|a 338.926
|b DAK
|
| 100 |
1 |
|
|a Dakin, Karl J
|
| 245 |
1 |
0 |
|a Technology transfer :
|b financing and commercializing the high tech product & service from research to roll out
|c Karl J.Dakin and Jennifer Lindsey
|
| 260 |
|
|
|a Chicago :
|b Probus Publishing ,
|c 1991
|
| 300 |
|
|
|a 239 p. ;
|c 24 cm.
|
| 650 |
0 |
0 |
|a Technology transfer
|
| 700 |
1 |
|
|a Lindsey, Jennifer
|
| 999 |
|
|
|a 037567
|b BUKU
|c PINJAMAN
|e PERPUSTAKAAN KOMUNITI PETALING JAYA
|
| 999 |
|
|
|a 037568
|b BUKU
|c PINJAMAN
|e PERPUSTAKAAN KOMUNITI PETALING JAYA
|